América Latina y las crisis /

Na minha lista:
Detalhes bibliográficos
Autor Corporativo: CEPAL
Formato: Texto
Colecção:SERIE POLITICAS SOCIALES/CEPAL
Tags: Adicionar Tag
Sem tags, seja o primeiro a adicionar uma tag!

MARC

LEADER 00000 a a2200000 04500
001 48340
003
040
090 |a REV1291 (33) 1999  
110 |a CEPAL  
245 |a América Latina y las crisis /  |c CEPAL  
440 |a SERIE POLITICAS SOCIALES/CEPAL  
773 |g número33, (1999)  
999 |c 29854  |d 29854